000 00795nam a2200229Ia 4500
003 OSt
005 20250524124132.0
008 220927b |||||||| |||| 00| 0 hin d
020 _a9788183616386
037 _cTextual
040 _aSDCL
_cSDCL
_bhin
041 _2hin
_ahin
084 _aP152 Q4
100 _aParimalendu, Ramniranjan
_9393391
245 0 _aDevnagari lipi aur hindi :
_bSangharsho ki etihasik yatra
246 _aदेवनागरी लिपि और हिंदी :
_bसंघर्षों की एतिहासिक यात्रा
260 _aNew Delhi :
_bRadhakrishna Prakshan,
_c2014.
300 _a11;320p
650 _aHindi
_9391598
942 _cTEXL
_2CC
_n0
999 _c709034
_d709034